¡No queremos que nos vendan al Ecuador! : un intento de golpe de Estado en la Costa Rica del siglo XIX /
Estudio que examina un intrigante episodio de la historia costarricense del siglo XIX. El autor se adentra en un intento de golpe de Estado que tuvo lugar en Costa Rica y que estuvo vinculado a la posibilidad de una venta del territorio costarricense al Ecuador. Corella Ovares analiza las circunstan...
Guardado en:
| Autor principal: | |
|---|---|
| Formato: | Libro |
| Lenguaje: | Spanish |
| Materias: | |
| Etiquetas: |
Agregar Etiqueta
Sin Etiquetas, Sea el primero en etiquetar este registro!
|
MARC
| LEADER | 00000nam a22000007a 4500 | ||
|---|---|---|---|
| 003 | cru IIS | ||
| 005 | 20240118151951.0 | ||
| 008 | 220524s2019 cr |||p|r|||| 00| 0 spa d | ||
| 040 | |c cru IIS | ||
| 100 | 1 | |a Corella Ovares, Esteban |e Autor |9 10444 | |
| 245 | 1 | |a ¡No queremos que nos vendan al Ecuador! : |b un intento de golpe de Estado en la Costa Rica del siglo XIX / |c Esteban Corella Ovares | |
| 300 | |a páginas 77-94: |b tabla | ||
| 500 | |a Colección Centroamérica | ||
| 520 | |a Estudio que examina un intrigante episodio de la historia costarricense del siglo XIX. El autor se adentra en un intento de golpe de Estado que tuvo lugar en Costa Rica y que estuvo vinculado a la posibilidad de una venta del territorio costarricense al Ecuador. Corella Ovares analiza las circunstancias históricas y políticas que rodearon este intento de golpe, destacando los temores y resistencias de la población ante la idea de ser vendidos a otro país. Se exploran los actores clave, los eventos que llevaron al intento de golpe y sus consecuencias en la sociedad costarricense de la época. El artículo ofrece una visión detallada de este episodio particular y su relevancia en la configuración de la identidad nacional y las dinámicas políticas en Costa Rica. RAR 01/2024 | ||
| 650 | 0 | |a GOLPES DE ESTADO |2 OCDE |9 130 | |
| 650 | 0 | |a TERRITORIO |2 OCDE |9 4888 | |
| 650 | 0 | |a IDENTIDAD NACIONAL |2 OCDE |9 4619 | |
| 650 | 0 | |a RESISTENCIA POPULAR |2 UNESCO |9 5208 | |
| 650 | 0 | |a DINAMICAS DE PODER |2 OCDE |9 11638 | |
| 650 | 0 | |a HISTORIA POLITICA |2 UNESCO |9 3694 | |
| 650 | 0 | |a PATRIMONIO CULTURAL |2 OCDE |9 2742 | |
| 651 | 0 | |a COSTA RICA |2 OCDE |9 32 | |
| 773 | 0 | |0 40579 |9 7198 |a Universidad Nacional de Costa Rica |d Heredia, Costa Rica: EUNA |o 22561 |t Revista de Historia / |x 10129790 | |
| 942 | |2 ddc |c PP | ||
| 999 | |c 44265 |d 44265 | ||
